How to Pass Professional Level Psychometric Tests/ (Record no. 35801)

MARC details
000 -LEADER
fixed length control field 00478nam a22001577a 4500
005 - DATE AND TIME OF LATEST TRANSACTION
control field 20240521113344.0
008 - FIXED-LENGTH DATA ELEMENTS--GENERAL INFORMATION
fixed length control field 240521b |||||||| |||| 00| 0 eng d
020 ## - INTERNATIONAL STANDARD BOOK NUMBER
ISBN 81-7554-194-6
082 ## - DEWEY DECIMAL CLASSIFICATION NUMBER
Classification number 150.287
Item number JAJ-H
100 ## - MAIN ENTRY--AUTHOR
Author Name Jajjoka;Sam.AL
245 ## - TITLE STATEMENT
Title How to Pass Professional Level Psychometric Tests/
Statement of responsibility, etc. Sam AL-Jajjoka
260 ## - PUBLICATION, DISTRIBUTION, ETC.
Place of Publication New Delhi;
Name of publisher, distributor, etc. Kogan Page India;
Date of publication, distribution, etc. 2003
300 ## - PHYSICAL DESCRIPTION
Pages x, 111 p.:
650 ## - SUBJECT ADDED ENTRY--TOPICAL TERM
Subject / Department Philosophy and Psychology/Psychology
300 ## - PHYSICAL DESCRIPTION
-- ill.;
-- 22 cm.
952 ## - LOCATION AND ITEM INFORMATION (KOHA)
-- 0
-- 0
Holdings
Lost status Damaged status Collection code Permanent Location Current Location Shelving Location Date acquired Full Call Number Accession No./Barcode Date last seen item type Koha item type
    Medical /Allied Heath Science Superior Information Resource Center (SIRC) Superior University - City Campus Superior Information Resource Center (SIRC) Superior University - City Campus Psychology 05/21/2024 150.287 JAJ-H 2003 2687 05/21/2024 BOOK BOOK

Powered by Koha